[Event "DVM U14 2022"]
[Site "Kelheim GER"]
[Date "2022.12.28"]
[Round "4"]
[White "Bräutigam, Katerina"]
[Black "Fruth, David"]
[Result "0-1"]
[Termination "normal"]
[Board "1.1"]
[WhiteElo "1874"]
[BlackElo "1976"]
[WhiteClock "00:00:37"]
[BlackClock "01:14:39"]
[WhiteTeam "SK Doppelbauer Kiel"]
[BlackTeam "USV TU Dresden"]
[PlyCount "76"]
[WhiteFideId "16242980"]
[BlackFideId "16257596"]
[EventCountry "GER"]
[EventRounds "7"]
[EventType "team-swiss"]
[EventDate "2022.12.26"]

1. e4 {[%clk 01:30:57]} {[%emt 00:00:02]} c5 {[%clk 01:30:27]} {[%emt
00:00:33]} 2. Nf3 {[%clk 01:31:22]} {[%emt 00:00:05]} g6 {[%clk 01:30:48]}
{[%emt 00:00:09]} 3. d4 {[%clk 01:31:47]} {[%emt 00:00:06]} cxd4 {[%clk
01:30:50]} {[%emt 00:00:28]} 4. Nxd4 {[%clk 01:32:11]} {[%emt 00:00:05]} Bg7
{[%clk 01:31:14]} {[%emt 00:00:06]} 5. c4 {[%clk 01:32:28]} {[%emt 00:00:14]}
Nc6 {[%clk 01:31:26]} {[%emt 00:00:19]} 6. Be3 {[%clk 01:31:05]} {[%emt
00:01:52]} Nf6 {[%clk 01:31:43]} {[%emt 00:00:12]} 7. Nc3 {[%clk 01:31:19]}
{[%emt 00:00:16]} O-O {[%clk 01:30:53]} {[%emt 00:01:21]} 8. Be2 {[%clk
01:30:45]} {[%emt 00:01:03]} d6 {[%clk 01:30:50]} {[%emt 00:00:34]} 9. O-O
{[%clk 01:26:36]} {[%emt 00:04:38]} Bd7 {[%clk 01:27:11]} {[%emt 00:04:10]} 10.
f4 {[%clk 01:18:32]} {[%emt 00:08:33]} a6 {[%clk 01:24:53]} {[%emt 00:02:49]}
11. Qd2 {[%clk 01:06:34]} {[%emt 00:12:28]} Qa5 {[%clk 01:22:53]} {[%emt
00:02:30]} 12. f5 {[%clk 00:47:11]} {[%emt 00:19:53]} Nxd4 {[%clk 01:21:39]}
{[%emt 00:01:45]} 13. Bxd4 {[%clk 00:46:56]} {[%emt 00:00:44]} Nxe4 {[%clk
01:21:30]} {[%emt 00:00:39]} 14. Qe3 {[%clk 00:31:32]} {[%emt 00:15:53]} Bxd4
{[%clk 01:21:15]} {[%emt 00:00:45]} 15. Qxd4 {[%clk 00:31:19]} {[%emt
00:00:43]} Nxc3 {[%clk 01:21:36]} {[%emt 00:00:09]} 16. bxc3 {[%clk 00:31:02]}
{[%emt 00:00:47]} Bxf5 {[%clk 01:21:52]} {[%emt 00:00:13]} 17. Bf3 {[%clk
00:27:19]} {[%emt 00:04:13]} Rab8 {[%clk 01:21:37]} {[%emt 00:00:46]} 18. Rae1
{[%clk 00:20:27]} {[%emt 00:07:21]} Rfe8 {[%clk 01:18:54]} {[%emt 00:03:13]}
19. Bd5 {[%clk 00:15:32]} {[%emt 00:05:25]} e6 {[%clk 01:14:33]} {[%emt
00:04:52]} 20. g4 {[%clk 00:10:31]} {[%emt 00:05:31]} exd5 {[%clk 01:14:01]}
{[%emt 00:01:03]} 21. gxf5 {[%clk 00:01:21]} {[%emt 00:09:40]} dxc4 {[%clk
01:14:07]} {[%emt 00:00:25]} 22. Qxd6 {[%clk 00:00:40]} {[%emt 00:01:12]} Qxc3
{[%clk 01:13:35]} {[%emt 00:00:59]} 23. fxg6 {[%clk 00:00:38]} {[%emt
00:00:33]} hxg6 {[%clk 01:13:43]} {[%emt 00:00:22]} 24. Qf4 {[%clk 00:00:36]}
{[%emt 00:00:33]} Rxe1 {[%clk 01:12:52]} {[%emt 00:01:21]} 25. Qxb8 {[%clk
00:00:52]} {[%emt 00:00:14]} Kg7 {[%clk 01:12:37]} {[%emt 00:00:44]} 26. Qf4
{[%clk 00:00:39]} {[%emt 00:00:43]} Qe3 {[%clk 01:12:13]} {[%emt 00:00:53]} 27.
Qxe3 {[%clk 00:00:37]} {[%emt 00:00:33]} Rxe3 {[%clk 01:12:41]} {[%emt
00:00:02]} 28. Rc1 {[%clk 00:00:39]} {[%emt 00:00:28]} b5 {[%clk 01:13:07]}
{[%emt 00:00:03]} 29. Kf2 {[%clk 00:00:46]} {[%emt 00:00:23]} Re5 {[%emt
00:01:02]} 30. a4 {[%clk 00:00:35]} Kf6 {[%clk 01:13:38]} {[%emt 00:00:09]} 31.
Rd1 {[%clk 00:00:42]} {[%emt 00:00:23]} c3 {[%clk 01:13:05]} {[%emt 00:01:03]}
32. axb5 {[%clk 00:00:37]} {[%emt 00:00:36]} axb5 {[%emt 00:00:03]} 33. Rd6
{[%clk 00:00:41]} {[%emt 00:00:24]} Re6 {[%clk 01:13:18]} {[%emt 00:00:45]} 34.
Rd1 {[%clk 00:00:33]} {[%emt 00:00:38]} b4 {[%clk 01:13:37]} {[%emt 00:00:11]}
35. Rc1 {[%clk 00:00:44]} {[%emt 00:00:19]} Rc6 {[%clk 01:13:47]} {[%emt
00:00:20]} 36. Ke2 {[%clk 00:00:43]} {[%emt 00:00:30]} b3 {[%clk 01:14:16]}
{[%emt 00:00:02]} 37. Kd3 {[%clk 00:00:34]} {[%emt 00:00:39]} c2 {[%clk
01:14:39]} {[%emt 00:00:07]} 38. Rf1 {[%clk 00:00:37]} {[%emt 00:00:27]} Ke5
{[%clk 01:14:39]} {[%emt 00:00:31]} 0-1

[Event "DVM U14 2022"]
[Site "Kelheim GER"]
[Date "2022.12.28"]
[Round "4"]
[White "Espig, Nils"]
[Black "Bräutigam, Alexander"]
[Result "1-0"]
[Termination "normal"]
[Board "1.2"]
[WhiteElo "1608"]
[BlackElo "1941"]
[WhiteClock "00:14:20"]
[BlackClock "00:32:54"]
[WhiteTeam "USV TU Dresden"]
[BlackTeam "SK Doppelbauer Kiel"]
[PlyCount "120"]
[WhiteFideId "16236980"]
[BlackFideId "16245210"]
[EventCountry "GER"]
[EventRounds "7"]
[EventType "team-swiss"]
[EventDate "2022.12.26"]

1. e4 {[%clk 01:30:54]} {[%emt 00:00:06]} c5 {[%clk 01:30:57]} {[%emt
00:00:03]} 2. Nf3 {[%clk 01:31:19]} {[%emt 00:00:05]} d6 {[%clk 01:31:23]}
{[%emt 00:00:04]} 3. d4 {[%clk 01:31:38]} {[%emt 00:00:10]} cxd4 {[%clk
01:31:47]} {[%emt 00:00:06]} 4. Nxd4 {[%clk 01:32:03]} {[%emt 00:00:05]} Nf6
{[%clk 01:32:13]} {[%emt 00:00:05]} 5. Nc3 {[%clk 01:31:56]} {[%emt 00:00:37]}
a6 {[%clk 01:32:37]} {[%emt 00:00:06]} 6. Be3 {[%clk 01:32:01]} {[%emt
00:00:25]} e5 {[%clk 01:32:57]} {[%emt 00:00:10]} 7. Nb3 {[%clk 01:32:21]}
{[%emt 00:00:11]} Be7 {[%clk 01:33:15]} {[%emt 00:00:11]} 8. f3 {[%clk
01:32:03]} {[%emt 00:00:48]} Be6 {[%clk 01:33:30]} {[%emt 00:00:14]} 9. Qd2
{[%clk 01:31:25]} {[%emt 00:01:09]} Nbd7 {[%clk 01:33:37]} {[%emt 00:00:23]}
10. g4 {[%clk 01:30:59]} {[%emt 00:00:56]} Rc8 {[%clk 01:33:26]} {[%emt
00:00:40]} 11. h4 {[%clk 01:29:20]} {[%emt 00:02:10]} b5 {[%clk 01:32:52]}
{[%emt 00:01:04]} 12. g5 {[%clk 01:24:17]} {[%emt 00:05:33]} Nh5 {[%clk
01:33:08]} {[%emt 00:00:14]} 13. Bh3 {[%clk 01:23:37]} {[%emt 00:01:10]} Nb6
{[%clk 01:29:54]} {[%emt 00:03:43]} 14. Bxb6 {[%clk 01:14:44]} {[%emt
00:09:23]} Qxb6 {[%clk 01:30:17]} {[%emt 00:00:07]} 15. Nd5 {[%clk 01:14:38]}
{[%emt 00:00:36]} Qd8 {[%clk 01:17:37]} {[%emt 00:13:10]} 16. O-O-O {[%clk
01:10:00]} {[%emt 00:05:06]} Bxh3 {[%clk 01:08:56]} {[%emt 00:09:13]} 17. Rxh3
{[%clk 01:06:48]} {[%emt 00:03:43]} Nf4 {[%clk 00:59:48]} {[%emt 00:09:37]} 18.
Nxf4 {[%clk 01:03:46]} {[%emt 00:03:32]} exf4 {[%clk 01:00:12]} {[%emt
00:00:05]} 19. Nd4 {[%clk 00:58:51]} {[%emt 00:05:26]} O-O {[%clk 00:57:23]}
{[%emt 00:03:19]} 20. Qxf4 {[%clk 00:56:46]} {[%emt 00:02:35]} f6 {[%clk
00:53:41]} {[%emt 00:04:12]} 21. Ne6 {[%clk 00:46:40]} {[%emt 00:10:36]} Qd7
{[%clk 00:54:03]} {[%emt 00:00:08]} 22. Qg4 {[%clk 00:46:32]} {[%emt 00:00:38]}
Qc6 {[%clk 00:52:40]} {[%emt 00:01:53]} 23. Rh2 {[%clk 00:46:40]} {[%emt
00:00:22]} Rf7 {[%clk 00:51:27]} {[%emt 00:01:43]} 24. g6 {[%clk 00:45:39]}
{[%emt 00:01:31]} hxg6 {[%clk 00:51:23]} {[%emt 00:00:34]} 25. Qxg6 {[%clk
00:46:01]} {[%emt 00:00:08]} Qc4 {[%clk 00:51:28]} {[%emt 00:00:25]} 26. Qf5
{[%clk 00:39:42]} {[%emt 00:06:49]} Qxa2 {[%clk 00:50:27]} {[%emt 00:01:31]}
27. Ng5 {[%clk 00:36:51]} {[%emt 00:03:21]} Qa1 {[%clk 00:47:35]} {[%emt
00:03:23]} 28. Kd2 {[%clk 00:37:14]} {[%emt 00:00:07]} Rxc2 {[%clk 00:47:32]}
{[%emt 00:00:32]} 29. Kxc2 {[%clk 00:36:48]} {[%emt 00:00:57]} Qa4 {[%clk
00:47:53]} {[%emt 00:00:08]} 30. Kd2 {[%clk 00:36:02]} {[%emt 00:01:16]} Qd4
{[%clk 00:42:43]} {[%emt 00:05:34]} 31. Ke2 {[%clk 00:30:58]} {[%emt 00:05:39]}
Qc4 {[%clk 00:42:13]} {[%emt 00:01:00]} 32. Ke1 {[%clk 00:25:37]} {[%emt
00:05:50]} fxg5 {[%clk 00:42:19]} {[%emt 00:00:24]} 33. Qd5 {[%clk 00:23:36]}
{[%emt 00:02:31]} Qb4 {[%clk 00:39:57]} {[%emt 00:02:52]} 34. Qd2 {[%clk
00:22:24]} {[%emt 00:01:42]} Qxd2 {[%clk 00:40:16]} {[%emt 00:00:12]} 35. Rdxd2
{[%clk 00:22:32]} {[%emt 00:00:21]} gxh4 {[%clk 00:40:25]} {[%emt 00:00:21]}
36. Ke2 {[%clk 00:22:24]} {[%emt 00:00:38]} g5 {[%clk 00:40:12]} {[%emt
00:00:43]} 37. Rd5 {[%clk 00:21:22]} {[%emt 00:01:31]} Kg7 {[%clk 00:39:45]}
{[%emt 00:00:57]} 38. Ke3 {[%clk 00:19:26]} {[%emt 00:02:27]} Bf6 {[%clk
00:38:39]} {[%emt 00:01:29]} 39. Rg2 {[%clk 00:16:45]} {[%emt 00:03:18]} Be7
{[%clk 00:35:42]} {[%emt 00:03:27]} 40. b3 {[%clk 00:16:20]} {[%emt 00:00:57]}
Rf8 {[%clk 00:31:09]} {[%emt 00:05:02]} 41. Ra2 {[%clk 00:13:47]} {[%emt
00:03:03]} h3 {[%clk 00:25:15]} {[%emt 00:06:23]} 42. Rh2 {[%clk 00:11:14]}
{[%emt 00:03:03]} Rh8 {[%clk 00:22:06]} {[%emt 00:03:40]} 43. Rd1 {[%clk
00:09:22]} {[%emt 00:02:22]} Bf6 {[%clk 00:19:20]} {[%emt 00:03:16]} 44. Rdh1
{[%clk 00:09:12]} {[%emt 00:00:39]} Rc8 {[%clk 00:19:13]} {[%emt 00:00:37]} 45.
Rxh3 {[%clk 00:01:57]} {[%emt 00:07:45]} Rc3 {[%clk 00:19:14]} {[%emt
00:00:29]} 46. Kf2 {[%clk 00:02:08]} {[%emt 00:00:19]} Rxb3 {[%clk 00:19:16]}
{[%emt 00:00:28]} 47. Rh7 {[%clk 00:29:15]} {[%emt 00:03:22]} Kg8 {[%clk
00:48:22]} {[%emt 00:01:25]} 48. Rd7 {[%clk 00:29:01]} {[%emt 00:00:44]} Bg7
{[%clk 00:43:56]} {[%emt 00:04:56]} 49. Rc1 {[%clk 00:27:40]} {[%emt 00:01:51]}
Bc3 {[%clk 00:42:43]} {[%emt 00:01:43]} 50. Rxd6 {[%clk 00:25:08]} {[%emt
00:03:02]} a5 {[%clk 00:42:03]} {[%emt 00:01:11]} 51. Rc6 {[%clk 00:23:01]}
{[%emt 00:02:37]} b4 {[%clk 00:41:38]} {[%emt 00:00:56]} 52. Rd1 {[%clk
00:22:34]} {[%emt 00:00:57]} Rb2 {[%clk 00:38:30]} {[%emt 00:03:37]} 53. Ke3
{[%clk 00:21:08]} {[%emt 00:01:56]} Rc2 {[%clk 00:37:41]} {[%emt 00:01:20]} 54.
Ra6 {[%clk 00:18:29]} {[%emt 00:03:09]} b3 {[%clk 00:36:26]} {[%emt 00:01:45]}
55. Rd7 {[%clk 00:16:46]} {[%emt 00:02:12]} Bg7 {[%clk 00:35:15]} {[%emt
00:01:40]} 56. Ra8 {[%clk 00:15:52]} {[%emt 00:01:25]} Kh7 {[%clk 00:33:24]}
{[%emt 00:02:20]} 57. Raa7 {[%clk 00:14:01]} {[%emt 00:02:22]} b2 {[%clk
00:32:51]} {[%emt 00:01:04]} 58. Rxg7 {[%clk 00:14:21]} {[%emt 00:00:09]} Kh6
{[%clk 00:32:36]} {[%emt 00:00:44]} 59. Rgb7 {[%clk 00:14:33]} {[%emt
00:00:19]} Rc7 {[%clk 00:32:36]} {[%emt 00:00:30]} 60. Rxc7 {[%clk 00:14:20]}
{[%emt 00:00:43]} b1=Q {[%clk 00:32:54]} {[%emt 00:00:13]} 1-0

[Event "DVM U14 2022"]
[Site "Kelheim GER"]
[Date "2022.12.28"]
[Round "4"]
[White "Vollbehr, Bjarne"]
[Black "Sato, Kai"]
[Result "1-0"]
[Termination "normal"]
[Board "1.3"]
[WhiteElo "1791"]
[BlackElo "1432"]
[WhiteClock "01:05:38"]
[BlackClock "00:05:56"]
[WhiteTeam "SK Doppelbauer Kiel"]
[BlackTeam "USV TU Dresden"]
[PlyCount "145"]
[WhiteFideId "34606025"]
[BlackFideId "34605630"]
[EventCountry "GER"]
[EventRounds "7"]
[EventType "team-swiss"]
[EventDate "2022.12.26"]

1. d4 {[%clk 01:30:57]} {[%emt 00:00:02]} d5 {[%clk 01:30:58]} {[%emt
00:00:03]} 2. c4 {[%clk 01:31:08]} {[%emt 00:00:20]} e6 {[%clk 01:31:24]}
{[%emt 00:00:04]} 3. g3 {[%clk 01:31:30]} {[%emt 00:00:08]} Nf6 {[%clk
01:31:48]} {[%emt 00:00:06]} 4. Bg2 {[%clk 01:31:52]} {[%emt 00:00:07]} Be7
{[%clk 01:30:24]} {[%emt 00:01:55]} 5. Nf3 {[%clk 01:32:08]} {[%emt 00:00:14]}
c6 {[%clk 01:30:20]} {[%emt 00:00:34]} 6. O-O {[%clk 01:32:28]} {[%emt
00:00:09]} O-O {[%clk 01:30:47]} {[%emt 00:00:03]} 7. Qc2 {[%clk 01:32:11]}
{[%emt 00:00:47]} b6 {[%clk 01:30:23]} {[%emt 00:00:55]} 8. Nc3 {[%clk
01:32:19]} {[%emt 00:00:21]} Bb7 {[%clk 01:30:06]} {[%emt 00:00:46]} 9. Rd1
{[%clk 01:32:00]} {[%emt 00:00:48]} Nbd7 {[%clk 01:24:00]} {[%emt 00:06:37]}
10. b3 {[%clk 01:30:56]} {[%emt 00:01:34]} Rc8 {[%clk 01:24:07]} {[%emt
00:00:23]} 11. Bb2 {[%clk 01:31:03]} {[%emt 00:00:23]} c5 {[%clk 01:21:30]}
{[%emt 00:03:07]} 12. dxc5 {[%clk 01:30:54]} {[%emt 00:00:39]} Bxc5 {[%clk
01:21:50]} {[%emt 00:00:11]} 13. cxd5 {[%clk 01:30:08]} {[%emt 00:01:15]} Nxd5
{[%clk 01:19:51]} {[%emt 00:02:29]} 14. Rac1 {[%clk 01:30:01]} {[%emt
00:00:36]} Qe7 {[%clk 01:12:49]} {[%emt 00:07:33]} 15. Qb1 {[%clk 01:29:09]}
{[%emt 00:01:21]} h6 {[%clk 01:06:36]} {[%emt 00:06:44]} 16. e3 {[%clk
01:27:05]} {[%emt 00:02:34]} Nxe3 {[%clk 01:02:42]} {[%emt 00:04:24]} 17. fxe3
{[%clk 01:24:21]} {[%emt 00:03:13]} Bxe3 {[%clk 01:03:03]} {[%emt 00:00:09]}
18. Kh1 {[%clk 01:24:40]} {[%emt 00:00:10]} Bxc1 {[%clk 01:02:56]} {[%emt
00:00:38]} 19. Qxc1 {[%clk 01:24:10]} {[%emt 00:01:00]} Rfd8 {[%clk 01:00:37]}
{[%emt 00:02:49]} 20. Qe3 {[%clk 01:16:36]} {[%emt 00:08:03]} Nf6 {[%clk
00:55:14]} {[%emt 00:05:54]} 21. Rf1 {[%clk 01:16:08]} {[%emt 00:00:58]} Nd5
{[%clk 00:54:52]} {[%emt 00:00:53]} 22. Nxd5 {[%clk 01:15:15]} {[%emt
00:01:23]} Bxd5 {[%clk 00:55:10]} {[%emt 00:00:13]} 23. Ne5 {[%clk 01:12:24]}
{[%emt 00:03:19]} Bxg2 {[%clk 00:54:52]} {[%emt 00:00:48]} 24. Kxg2 {[%clk
01:12:46]} {[%emt 00:00:08]} Rc2 {[%clk 00:55:08]} {[%emt 00:00:15]} 25. Rf2
{[%clk 01:12:30]} {[%emt 00:00:46]} Rxf2 {[%clk 00:49:48]} {[%emt 00:05:50]}
26. Qxf2 {[%clk 01:12:24]} {[%emt 00:00:34]} f6 {[%clk 00:40:01]} {[%emt
00:10:18]} 27. Nc4 {[%clk 01:11:14]} {[%emt 00:01:39]} b5 {[%clk 00:32:56]}
{[%emt 00:07:36]} 28. Nd2 {[%clk 01:06:15]} {[%emt 00:05:28]} Qb4 {[%clk
00:31:34]} {[%emt 00:01:53]} 29. Nf3 {[%clk 01:05:43]} {[%emt 00:01:02]} e5
{[%clk 00:27:02]} {[%emt 00:05:04]} 30. Qxa7 {[%clk 01:02:28]} {[%emt
00:03:44]} e4 {[%clk 00:25:45]} {[%emt 00:01:47]} 31. Nd4 {[%clk 01:02:32]}
{[%emt 00:00:26]} Qd2 {[%clk 00:20:11]} {[%emt 00:06:04]} 32. Kh3 {[%clk
01:02:37]} {[%emt 00:00:25]} e3 {[%clk 00:19:32]} {[%emt 00:01:10]} 33. Nf5
{[%clk 01:02:01]} {[%emt 00:01:05]} Qd7 {[%clk 00:18:15]} {[%emt 00:01:47]} 34.
Qxd7 {[%clk 01:02:14]} {[%emt 00:00:18]} Rxd7 {[%clk 00:18:43]} {[%emt
00:00:02]} 35. Nxe3 {[%clk 01:02:32]} {[%emt 00:00:11]} Rd2 {[%clk 00:18:51]}
{[%emt 00:00:21]} 36. Ba3 {[%clk 01:02:33]} {[%emt 00:00:30]} Rxa2 {[%clk
00:18:45]} {[%emt 00:00:36]} 37. Bc5 {[%clk 01:02:45]} {[%emt 00:00:18]} Kf7
{[%clk 00:15:51]} {[%emt 00:03:24]} 38. b4 {[%clk 01:03:07]} {[%emt 00:00:08]}
Ke6 {[%clk 00:14:48]} {[%emt 00:01:33]} 39. g4 {[%clk 01:01:08]} {[%emt
00:02:29]} g6 {[%clk 00:13:37]} {[%emt 00:01:42]} 40. Kg3 {[%clk 01:01:19]}
{[%emt 00:00:18]} f5 {[%clk 00:11:10]} {[%emt 00:02:58]} 41. gxf5 {[%clk
00:55:25]} {[%emt 00:06:23]} gxf5 {[%clk 00:10:56]} {[%emt 00:00:45]} 42. Kf4
{[%clk 00:55:07]} {[%emt 00:00:47]} Rf2 {[%clk 00:10:55]} {[%emt 00:00:32]} 43.
Kg3 {[%clk 00:55:29]} {[%emt 00:00:08]} Rd2 {[%clk 00:07:39]} {[%emt 00:03:40]}
44. Ng2 {[%clk 00:54:27]} {[%emt 00:01:38]} Ke5 {[%clk 00:06:01]} {[%emt
00:02:08]} 45. Nf4 {[%clk 00:54:15]} {[%emt 00:00:42]} Rc2 {[%clk 00:04:48]}
{[%emt 00:01:43]} 46. Ng6 {[%clk 00:54:05]} {[%emt 00:00:40]} Kf6 {[%clk
00:04:36]} {[%emt 00:00:43]} 47. Ne7 {[%clk 00:53:45]} {[%emt 00:00:50]} Ke6
{[%clk 00:29:46]} {[%emt 00:05:20]} 48. Nc6 {[%clk 01:23:14]} {[%emt 00:01:00]}
Kd5 {[%clk 00:27:01]} {[%emt 00:03:16]} 49. Nd4 {[%clk 01:21:41]} {[%emt
00:02:04]} Rc3 {[%clk 00:25:33]} {[%emt 00:01:58]} 50. Kf2 {[%clk 01:20:34]}
{[%emt 00:01:36]} Ke4 {[%clk 00:18:09]} {[%emt 00:07:55]} 51. Nxb5 {[%clk
01:20:25]} {[%emt 00:00:38]} Rc2 {[%clk 00:18:26]} {[%emt 00:00:13]} 52. Kg3
{[%clk 01:18:14]} {[%emt 00:02:41]} f4 {[%clk 00:18:19]} {[%emt 00:00:38]} 53.
Kh3 {[%clk 01:18:27]} {[%emt 00:00:15]} f3 {[%clk 00:17:35]} {[%emt 00:01:16]}
54. Kg3 {[%clk 01:18:27]} {[%emt 00:00:29]} Rg2 {[%clk 00:17:53]} {[%emt
00:00:12]} 55. Kh3 {[%clk 01:18:30]} {[%emt 00:00:28]} Rc2 {[%clk 00:17:09]}
{[%emt 00:01:14]} 56. Nd4 {[%clk 01:17:30]} {[%emt 00:01:30]} Rb2 {[%clk
00:15:34]} {[%emt 00:02:02]} 57. Ne6 {[%clk 01:14:53]} {[%emt 00:03:10]} Kf5
{[%clk 00:10:50]} {[%emt 00:05:14]} 58. Nf8 {[%clk 01:13:51]} {[%emt 00:01:32]}
h5 {[%clk 00:10:26]} {[%emt 00:00:54]} 59. Kg3 {[%clk 01:13:34]} {[%emt
00:00:47]} Ke4 {[%clk 00:10:23]} {[%emt 00:00:33]} 60. h4 {[%clk 01:10:35]}
{[%emt 00:03:29]} Rg2 {[%clk 00:10:13]} {[%emt 00:00:40]} 61. Kh3 {[%clk
01:10:28]} {[%emt 00:00:36]} Kd3 {[%clk 00:08:50]} {[%emt 00:01:54]} 62. Ne6
{[%clk 01:10:40]} {[%emt 00:00:17]} Rg4 {[%clk 00:08:15]} {[%emt 00:01:06]} 63.
b5 {[%clk 01:09:04]} {[%emt 00:02:06]} Ke2 {[%clk 00:07:02]} {[%emt 00:01:43]}
64. Nd4 {[%clk 01:09:14]} {[%emt 00:00:20]} Kf2 {[%clk 00:06:22]} {[%emt
00:01:10]} 65. Nf5 {[%clk 01:08:10]} {[%emt 00:01:34]} Ke2 {[%clk 00:06:16]}
{[%emt 00:00:37]} 66. Ng3 {[%clk 01:08:16]} {[%emt 00:00:24]} Ke1 {[%clk
00:06:21]} {[%emt 00:00:25]} 67. Nxh5 {[%clk 01:08:11]} {[%emt 00:00:34]} Rc4
{[%clk 00:06:10]} {[%emt 00:00:42]} 68. Bd6 {[%clk 01:05:48]} {[%emt 00:02:53]}
f2 {[%clk 00:05:51]} {[%emt 00:00:48]} 69. Ng3 {[%clk 01:05:11]} {[%emt
00:01:07]} f1=Q {[%clk 00:04:39]} {[%emt 00:01:43]} 70. Nxf1 {[%clk 01:05:23]}
{[%emt 00:00:17]} Kxf1 {[%clk 00:05:07]} {[%emt 00:00:03]} 71. b6 {[%clk
01:05:27]} {[%emt 00:00:27]} Rc3 {[%clk 00:05:36]} {[%emt 00:00:01]} 72. Kg4
{[%clk 01:05:35]} {[%emt 00:00:20]} Rc4 {[%clk 00:05:56]} {[%emt 00:00:11]} 73.
Kg5 {[%clk 01:05:38]} {[%emt 00:00:25]} 1-0

[Event "DVM U14 2022"]
[Site "Kelheim GER"]
[Date "2022.12.28"]
[Round "4"]
[White "Eichner, Tim"]
[Black "Li, Luxuan"]
[Result "1-0"]
[Termination "normal"]
[Board "1.4"]
[WhiteElo "1551"]
[BlackElo "1380"]
[WhiteClock "00:11:11"]
[BlackClock "00:04:17"]
[WhiteTeam "USV TU Dresden"]
[BlackTeam "SK Doppelbauer Kiel"]
[PlyCount "67"]
[WhiteFideId "34617213"]
[BlackFideId "34617507"]
[EventCountry "GER"]
[EventRounds "7"]
[EventType "team-swiss"]
[EventDate "2022.12.26"]

1. e4 {[%clk 01:30:55]} {[%emt 00:00:04]} e5 {[%clk 01:30:56]} {[%emt
00:00:05]} 2. Nf3 {[%clk 01:31:17]} {[%emt 00:00:08]} Nc6 {[%clk 01:31:18]}
{[%emt 00:00:08]} 3. Bc4 {[%clk 01:31:35]} {[%emt 00:00:12]} Bc5 {[%clk
01:31:40]} {[%emt 00:00:08]} 4. Nc3 {[%clk 01:31:38]} {[%emt 00:00:28]} d6
{[%clk 01:31:46]} {[%emt 00:00:23]} 5. d3 {[%clk 01:32:03]} {[%emt 00:00:05]}
Bg4 {[%clk 01:31:35]} {[%emt 00:00:41]} 6. h3 {[%clk 01:32:00]} {[%emt
00:00:33]} Bh5 {[%clk 01:31:50]} {[%emt 00:00:14]} 7. Be3 {[%clk 01:32:15]}
{[%emt 00:00:16]} Bb6 {[%clk 01:31:20]} {[%emt 00:01:01]} 8. g4 {[%clk
01:27:55]} {[%emt 00:04:49]} Bxe3 {[%clk 01:30:22]} {[%emt 00:01:28]} 9. fxe3
{[%clk 01:27:42]} {[%emt 00:00:44]} Bg6 {[%clk 01:30:27]} {[%emt 00:00:24]} 10.
Qe2 {[%clk 01:25:23]} {[%emt 00:02:48]} Na5 {[%clk 01:27:21]} {[%emt 00:03:37]}
11. Bb3 {[%clk 01:23:18]} {[%emt 00:02:36]} Nxb3 {[%clk 01:26:05]} {[%emt
00:01:46]} 12. axb3 {[%clk 01:23:36]} {[%emt 00:00:12]} a6 {[%clk 01:26:13]}
{[%emt 00:00:22]} 13. O-O-O {[%clk 01:20:26]} {[%emt 00:03:39]} f6 {[%clk
01:20:42]} {[%emt 00:06:02]} 14. d4 {[%clk 01:17:40]} {[%emt 00:03:16]} Qe7
{[%clk 01:16:51]} {[%emt 00:04:21]} 15. Nd5 {[%clk 01:14:44]} {[%emt 00:03:26]}
Qf7 {[%clk 01:15:29]} {[%emt 00:01:52]} 16. dxe5 {[%clk 01:03:44]} {[%emt
00:11:30]} O-O-O {[%clk 01:08:01]} {[%emt 00:07:57]} 17. Qc4 {[%clk 00:48:16]}
{[%emt 00:15:58]} Kb8 {[%clk 01:00:12]} {[%emt 00:08:19]} 18. e6 {[%clk
00:46:08]} {[%emt 00:02:38]} Qe8 {[%clk 00:45:55]} {[%emt 00:14:47]} 19. Qxc7
{[%clk 00:45:26]} {[%emt 00:01:12]} Ka7 {[%clk 00:41:50]} {[%emt 00:04:35]} 20.
Qb6 {[%clk 00:44:58]} {[%emt 00:00:58]} Kb8 {[%clk 00:41:33]} {[%emt 00:00:48]}
21. Nb4 {[%clk 00:42:40]} {[%emt 00:02:47]} Ka8 {[%clk 00:27:59]} {[%emt
00:14:04]} 22. Rxd6 {[%clk 00:34:03]} {[%emt 00:09:07]} Rxd6 {[%clk 00:24:53]}
{[%emt 00:03:36]} 23. Qxd6 {[%clk 00:34:08]} {[%emt 00:00:25]} Bxe4 {[%clk
00:23:12]} {[%emt 00:02:10]} 24. Rf1 {[%clk 00:31:44]} {[%emt 00:02:54]} Ne7
{[%clk 00:18:02]} {[%emt 00:05:41]} 25. Nd4 {[%clk 00:24:49]} {[%emt 00:07:25]}
Qd8 {[%clk 00:14:24]} {[%emt 00:04:08]} 26. Qxd8 {[%clk 00:19:59]} {[%emt
00:05:20]} Rxd8 {[%clk 00:14:43]} {[%emt 00:00:11]} 27. Rf2 {[%clk 00:16:41]}
{[%emt 00:03:48]} a5 {[%clk 00:14:07]} {[%emt 00:01:07]} 28. Na2 {[%clk
00:16:17]} {[%emt 00:00:53]} Nc6 {[%clk 00:10:51]} {[%emt 00:03:46]} 29. Nc3
{[%clk 00:11:08]} {[%emt 00:05:39]} Nxd4 {[%clk 00:09:17]} {[%emt 00:02:05]}
30. exd4 {[%clk 00:10:45]} {[%emt 00:00:53]} Rxd4 {[%clk 00:07:04]} {[%emt
00:02:43]} 31. Nb5 {[%clk 00:10:43]} {[%emt 00:00:31]} Rd8 {[%clk 00:05:23]}
{[%emt 00:02:11]} 32. e7 {[%clk 00:10:52]} {[%emt 00:00:21]} Rc8 {[%clk
00:04:06]} {[%emt 00:01:47]} 33. e8=Q {[%clk 00:10:47]} {[%emt 00:00:35]} Rxe8
{[%clk 00:04:17]} {[%emt 00:00:19]} 34. Nc7 {[%clk 00:11:11]} {[%emt 00:00:05]}
1-0